Entry Topical Term
001 - CONTROL NUMBER
- control field: 9784
003 - CONTROL NUMBER IDENTIFIER
- control field: LDD
005 - DATE AND TIME OF LATEST TRANSACTION
- control field: 20191220145535.0
008 - FIXED-LENGTH DATA ELEMENTS
- fixed length control field: 191220|| aca||aabn | a|a d
040 ## - CATALOGING SOURCE
- Original cataloging agency: LDD
- Transcribing agency: LDD
150 ## - HEADING--TOPICAL TERM
- Topical term or geographic name entry element: सृजनात्मकता का आयाम
670 ## - SOURCE DATA FOUND
- Source citation: Work cat.: (LDD)163705: सृजनात्मकता के आयाम:, 2017
